Statistics for NHL Nicknames

Click here to take the quiz!

General Stats

  • This quiz has been taken 17 times
  • The average score is 13 of 34

Answer Stats

HintAnswer% Correct
Sidney CrosbySid the Kid
93%
Wayne GretzkyThe Great One
93%
Maurice RichardThe Rocket
93%
Alex OvechkinOvi
86%
Guy LafleurThe Flower
86%
David PastrnakPasta
71%
Teemu SelanneThe Finnish Flash
71%
Dominik HasekDominator
64%
Marc-Andre FleuryFlower
64%
Evgeni MalkinGeno
64%
Johnny GaudreauJohnny Hockey
64%
Mario LemieuxSuper Mario
64%
Jonathan ToewsCaptain Serious
57%
Gordie HoweMister Hockey
43%
Erik KarlssonEK65
36%
Connor BedardBedsy
29%
Jarome IginlaIggy
29%
John TavaresJohnny T
29%
Auston MatthewsPapi
29%
Pavel DatsyukThe Magician
21%
Connor McDavidMcD
14%
Nathan MacKinnonNate Mac
14%
Pierre-Luc DuboisPLD
14%
Jesse PuljujarviPool Party
14%
Steve YzermanStevey Y
14%
Jaromir JagrThe Ageless Wonder
14%
Jim CarreyThe Net Detective
14%
Colby ArmstrongArmdog
7%
Dustin ByfuglienBig Buff Train
7%
Phil KesselIron Man
7%
Josh MorrisseyJ Mo
7%
Patrice BergeronMister Selke
7%
Patrik LaineNumber 2
7%
William NylanderWill Nye the Hockey Guy
7%

Score Distribution

Percentile by Number Answered

Percent of People with Each Score

Your Score History

You have not taken this quiz